01232nam a22003615b 4500001000600000003000900006005001700015007000300032008003500035017000900070020001500079040003000094082002800124100003700152245007000189250000600259264004700265300005100312336002900363337003500392338002900427490004500456590002600501600000600527650003800533650003800571650003300609700003500642910004100677942001200718952012300730999001700853 446 DO-SdBPM20251119114611.0ta950710s1985 sp a | | ||spa  a b  a8434203316 aDO-SdBPMbspacBPMSUerda 4a808.068bR615g 19852221 aRius, María eautor 4aut. d 10aEl gusto / cMaría Rius ; ilustraciones de J.M.Parramón /h  a  aBarcelona, España : bParramón, c1985 avarias paginaciones. :bilustraciones ;c20 cm atexto btxt 2rdacontent asin mediación bn2rdamedia  avolumen bnc2rdacarrier0 aPrimera Biblioteca de los Niños.a v  aInventariado, 2025/VM 2  7aLibros y lectura para niñosv  7alibros ilustrados para niñosv  7aGusto vLiteratura infantil 1 a Parramón, J. Meilustrador  aVMateo V. Control de calidad. BPMSU  2ddccBK 00102ddc708CDaBPMETbBPMETd2025-11-19l0oBPMSU CGI 808.068 R615g 1985pBPMSU25110046r2025-11-19w2025-11-19yBK c15513d15513